| Поле | Инд. | ПП | Название | Значение |
|---|---|---|---|---|
| Тип записи | a | |||
| Библиографический уровень | a | |||
| 001 | Контрольный номер | 5000196e318144f496d153c901e409c9 | ||
| 005 | Дата корректировки | 20181120134547.6 | ||
| 100 | a | Данные общей обработки | 20180910 ||| 0rusy0189 ca | |
| 101 | 0_ | a | Язык текста | rus |
| 102 | a | Страна публикации | RU | |
| 200 | 1_ | f | Первые сведения об ответственности | К.М. Беликова |
| a | Заглавие | Особенности правового регулирования цифровой интеллектуальной экономики | ||
| b | Общее обозначение материала | Электронный ресурс | ||
| 210 | d | Дата издания | 2018 | |
| 461 | _0 | 1 | 2000 | |
| a | Закон и право | |||
| 463 | _0 | 1 | 2000 | |
| a | №8 | |||
| v | С. 26-30 | |||
| 1 | 2101 | |||
| d | 2018 | |||
| 1 | 00115b7a1fe5a604150a7ba329b8923d937 | |||
| 606 | a | Основная рубрика | ЭКОНОМИКА | |
| 610 | 0_ | a | Ключевые слова | ЭКОНОМИЧЕСКОЕ ПРАВО |
| a | Ключевые слова | ИНФОРМАЦИОННЫЕ СИСТЕМЫ | ||
| 700 | _1 | a | Фамилия | Беликова |
| b | Имя | К.М. | ||
| 801 | _0 | a | Страна | RU |
| b | Организация | РГУП | ||
| c | Дата составления | 20180910 | ||
| g | Правила каталогизации | PSBO | ||
| 801 | _1 | a | Страна | RU |
| b | Организация | РГУП | ||
| c | Дата составления | 20180910 | ||
| g | Правила каталогизации | PSBO | ||
| 901 | t | Тип документа | b | |
| w | Контрольный № источника | 15b7a1fe5a604150a7ba329b8923d937 | ||
| 905 | a | Дата ввода | 20180910 |